| 000 | 01287nam a2200325Ia 4500 | ||
|---|---|---|---|
| 001 | ebr10278566 | ||
| 003 | CaPaEBR | ||
| 006 | m u | ||
| 007 | cr cn||||||||| | ||
| 008 | 900820s1991 nyu sb 001 0 eng d | ||
| 010 | _z 90047084 | ||
| 020 | _z9780195062342 | ||
| 020 | _z0195062345 (alk. paper) | ||
| 040 |
_aCaPaEBR _cCaPaEBR |
||
| 035 | _a(OCoLC)65208858 | ||
| 050 | 1 | 4 |
_aBR110 _b.P74 1991eb |
| 100 | 1 | _aPruyser, Paul W. | |
| 245 | 1 | 0 |
_aReligion in psychodynamic perspective _h[electronic resource] : _bthe contributions of Paul W. Pruyser / _cedited by H. Newton Malony, Bernard Spilka. |
| 260 |
_aNew York : _bOxford University Press, _c1991. |
||
| 300 | _ax, 233 p. | ||
| 504 | _aIncludes bibliographical references and index. | ||
| 533 |
_aElectronic reproduction. _bPalo Alto, Calif. : _cebrary, _d2009. _nAvailable via World Wide Web. _nAccess may be limited to ebrary affiliated libraries. |
||
| 650 | 0 |
_aChristianity _xPsychology. |
|
| 650 | 0 | _aPsychoanalysis and religion. | |
| 655 | 7 |
_aElectronic books. _2local |
|
| 700 | 1 | _aMalony, H. Newton. | |
| 700 | 1 |
_aSpilka, Bernard, _d1926- |
|
| 710 | 2 | _aebrary, Inc. | |
| 856 | 4 | 0 |
_uhttp://site.ebrary.com/lib/rucke/Doc?id=10278566 _zAn electronic book accessible through the World Wide Web; click to view |
| 999 |
_c5032 _d5032 |
||